| 000 | 00594 a2200193 4500 | ||
|---|---|---|---|
| 003 | Nust | ||
| 005 | 20221014123803.0 | ||
| 040 | _cNust | ||
| 082 | _a604.2,PAR | ||
| 100 |
_aParkinson,.A.C _940152 |
||
| 245 |
_aA first year engineering drawing / _c Parkinson, Albert Charles. |
||
| 250 | _a6th ed | ||
| 260 |
_aLondon, _bEnglish Universities press _c1933 |
||
| 300 | _a190p | ||
| 505 | _aPart 1: The Graphic Design (Page-1), Part 2: Machine Drawing (Page-45), | ||
| 600 |
_aParkinson, Albert Charles. [from old catalog] _938567 |
||
| 650 |
_aEngineering drawing _973872 |
||
| 942 |
_2ddc _cBK |
||
| 999 |
_c178501 _d178501 |
||